| 000 | 00594nam a2200217Ia 4500 | ||
|---|---|---|---|
| 005 | 20241129120219.0 | ||
| 008 | 241129s9999||||xx |||||||||||||| ||und|| | ||
| 020 | _a9789354097508 | ||
| 037 | _aREF | ||
| 040 |
_aSDCL _beng _cSDCL |
||
| 041 |
_aeng _2eng |
||
| 084 |
_an2,N, R3 RR _qSDCL |
||
| 100 |
_aPublication Div _9729435 |
||
| 245 | 0 | _aIndia 2023: A reference annual | |
| 260 |
_aNew Delhi _bPublication Division Govt. of India _c2023 |
||
| 300 | _a1066p. | ||
| 365 |
_aINR _b525 |
||
| 650 | _aReference | ||
| 942 |
_cREF _hn2,N, R3 RR |
||
| 999 |
_c1233835 _d1233835 |
||